<?xml version="1.0" encoding="UTF-8"?>
<record
    xmlns:xsi="http://www.w3.org/2001/XMLSchema-instance"
    xsi:schemaLocation="http://www.loc.gov/MARC21/slim http://www.loc.gov/standards/marcxml/schema/MARC21slim.xsd"
    xmlns="http://www.loc.gov/MARC21/slim">

  <leader>01970aab a2200193 i 4500</leader>
  <controlfield tag="001">768714001</controlfield>
  <controlfield tag="003">CO-MdFUSB</controlfield>
  <controlfield tag="005">20240618062717.0</controlfield>
  <controlfield tag="008">221108s1997    ag ||||| |||| 00| 0 spa d</controlfield>
  <datafield tag="040" ind1=" " ind2=" ">
    <subfield code="b">spa</subfield>
    <subfield code="c">CO-MdFUSB</subfield>
    <subfield code="d">CO-MdFUSB</subfield>
  </datafield>
  <datafield tag="041" ind1=" " ind2=" ">
    <subfield code="a">spa</subfield>
  </datafield>
  <datafield tag="100" ind1="1" ind2=" ">
    <subfield code="a">Bertuzzi, Federico A.</subfield>
    <subfield code="e">autor</subfield>
  </datafield>
  <datafield tag="245" ind1="1" ind2="0">
    <subfield code="a">Lecciones y modelos de misiones desde Am&#xE9;rica Latina</subfield>
    <subfield code="c">/ Federico A. Bertuzzi</subfield>
  </datafield>
  <datafield tag="300" ind1=" " ind2=" ">
    <subfield code="a">Volumen 16, n&#xFA;mero 3 (julio - septiembre, 1997), p&#xE1;ginas: 6-12</subfield>
    <subfield code="c">; 27 cm</subfield>
  </datafield>
  <datafield tag="520" ind1=" " ind2=" ">
    <subfield code="a">Nos toca a nosotros, los latinos, tomar la antorcha de la empresa misionera mundial. &#xBF;C&#xF3;mo lo haremos? &#xBF;C&#xF3;mo evitaremos los erremos que otros cometieron? &#xBF;Cu&#xE1;nta humildad tendremos en reconocer los defectos propios y corregirlos? El obrero "a la  anglosajona" saldr&#xE1; al campo a plantar una iglesia de su misma denominaci&#xF3;n ("conforme a su imagen y semejanza"), se regir&#xE1; firmemente por los principios de su organizaci&#xF3;ny, de hecho, trabajar&#xE1; en un campo "no alcanzado", vale decir, donde su propia denominaci&#xF3;n no haya plantado a&#xFA;n su bandaera, &#xA1;sin importar si existen o no iglesias de otra denominaci&#xF3;n!
No tenemos miedo de innovar, de ser creativos y de procurar nuevos modelos, al estilo de los que llegaron a Antioqu&#xED;a, que "hablaron tambien a los griegos" (Hechos 12.20), haciendo algo que hasta ese momento no se estilaba, comenzando asi lo que ser&#xED;a la iglesia misionera por excelencia del Nuevo Testamento, la iglesia de d&#xF3;nde partir&#xED;a el primer equipo misionero a las naciones.
No se trata simplemente de hacer misiones al extranjero. Tengamos como objetivo los miles de grupos &#xE9;tnicos en los que la iglesia a&#xFA;n no est&#xE1; establecida, tal como ra la consigna del ap&#xF3;stol Pablo: "Me esforc&#xE9; a predicar el evangelio, no donde Cristo ya hubiese sido nombrado" Rom. 15.20.
</subfield>
  </datafield>
  <datafield tag="650" ind1="1" ind2="0">
    <subfield code="a">Misiones</subfield>
    <subfield code="9">154</subfield>
  </datafield>
  <datafield tag="773" ind1="0" ind2=" ">
    <subfield code="t">Iglesia y Misi&#xF3;n</subfield>
    <subfield code="0">49402</subfield>
    <subfield code="9">59636</subfield>
    <subfield code="g">Volumen 16, n&#xFA;mero 3 (julio - septiembre, 1997), p&#xE1;ginas: 6-12</subfield>
    <subfield code="q">P&#xE1;ginas: 6-12</subfield>
  </datafield>
  <datafield tag="942" ind1=" " ind2=" ">
    <subfield code="c">ANA</subfield>
  </datafield>
  <datafield tag="999" ind1=" " ind2=" ">
    <subfield code="c">52258</subfield>
    <subfield code="d">52258</subfield>
  </datafield>
</record>
